Miasta na prawach powiatu na literę S - Statystyki

Ogólne statystyki
  • Ten quiz został rozwiązany 29 razy
  • Średni wynik to 6 z 8
Statystyki odpowiedzi
Miasto % Poprawnych
Szczecin
96%
Suwałki
89%
Skierniewice
79%
Sosnowiec
79%
Siedlce
75%
Siemianowice Śląskie
75%
Słupsk
75%
Sopot
64%
Nie znaleziono quizów pasujących do podanych kryteriów
Rozkład punktacji
Procent ludzi z każdym wynikiem
Percentyl według liczby udzielonych odpowiedzi
Twoja historia wyników
Nie rozwiązałeś tego quizu